Statistiques concernant Effectif FC Barcelone Saison 2022-2023

Cliquez ici pour prendre le quiz!

Statistiques générales

  • Ce quiz a été pris 201 fois
  • Le résultat moyen est 10 sur 24

Statistiques - réponses

PosteNationalitéJoueur% Correct
Gardien de butAllemandeMarc-André ter Stegen
88%
DéfenseurAméricaineSergiño Dest
65%
DéfenseurUruguayenneRonald Araújo
64%
Gardien de butEspagnoleIñaki Peña
61%
DéfenseurEspagnoleGerard Piqué
50%
Milieu de terrainEspagnolePedri
47%
Milieu de terrainNéerlandaiseFrenkie de Jong
45%
DéfenseurFrançaiseJules Koundé
45%
AttaquantFrançaiseOusmane Dembélé
45%
DéfenseurEspagnoleJordi Alba
43%
AttaquantPolonaiseRobert Lewandowski
43%
DéfenseurDanoiseAndreas Christensen
42%
DéfenseurFrançaiseSamuel Umtiti
41%
Milieu de terrainIvoirienneFranck Kessié
39%
Milieu de terrainBosnienneMiralem Pjanić
38%
Milieu de terrainEspagnoleSergio Busquets
38%
AttaquantNéerlandaiseMemphis Depay
34%
DéfenseurEspagnoleEric García
32%
AttaquantEspagnoleAnsu Fati
24%
AttaquantEspagnoleFerran Torres
22%
AttaquantDanoiseMartin Braithwaite
20%
AttaquantBrésilienneRaphinha
20%
AttaquantGabonaisePierre-Emerick Aubameyang
17%
Milieu de terrainEspagnoleSergi Roberto
11%

Distribution des résultats

Percentile par nombre de réponses

% des personnes avec chaque résultat

Votre développement - résultats

Vous n’avez pas pris ce quiz